Grand Slam Of Darts Winners - Statistiques

Statistiques générales
  • Ce quiz a été pris 34 fois
  • Le résultat moyen est 11 sur 18
Statistiques - réponses
Hint Réponse % Correct
2024 Littler
100%
2017 Van Gerwen
89%
2016 Van Gerwen
89%
2015 Van Gerwen
89%
2023 Humphries
82%
2022 Smith
64%
2014 Taylor
61%
2013 Taylor
61%
2011 Taylor
61%
2009 Taylor
61%
2008 Taylor
61%
2007 Taylor
61%
2021 Price
54%
2019 Price
54%
2018 Price
54%
2012 Van Barneveld
21%
2020 De Sousa
7%
2010 Waites
0%
Aucun quiz correspondant
Distribution des résultats
% des personnes avec chaque résultat
Percentile par nombre de réponses
Votre historique - résultats
Vous n’avez pas pris ce quiz